| 000 | 00428nam a22001457a 4500 | ||
|---|---|---|---|
| 999 |
_c8138 _d8138 |
||
| 003 | OSt | ||
| 005 | 20200805115642.0 | ||
| 008 | 200805b ||||| |||| 00| 0 eng d | ||
| 020 | _a9781559633376 | ||
| 082 |
_a307.121 _bGIR |
||
| 100 |
_a Girling, Cynthia L ; Kellett, Ronald _d1952- |
||
| 245 | _aSkinny streets and green neighborhoods : design for environment and community | ||
| 260 |
_a2005 _bIsland press _cLondon |
||
| 942 | _2ddc | ||